Effectif de l'Olympique de Marseille 24/25 (Images) - Statistiques

Statistiques générales
  • Ce quiz a été pris 239 fois
  • Le résultat moyen est 21 sur 23
Statistiques - réponses
Hint Réponse % Correct

Mason Greenwood
98%

Adrien Rabiot
97%

Amine Harit
97%

Amine Gouiri
96%

Chancel Mbemba
96%

Valentin Rongier
96%

Ismaël Bennacer
95%

Leonardo Balerdi
95%

Quentin Merlin
94%

Bilal Nadir
92%

Geoffrey Kondogbia
92%

Pierre-Emile Højbjerg
92%

Jonathan Rowe
91%

Luís Henrique
91%

Neal Maupay
90%

Gerónimo Rulli
89%

Amar Dedić
87%

Jeffrey de Lange
87%

Derek Cornelius
86%

Luiz Felipe
83%

Pol Lirola
83%

Michael Murillo
80%

Ulisses Garcia
73%
Aucun quiz correspondant
Distribution des résultats
% des personnes avec chaque résultat
Percentile par nombre de réponses
Votre historique - résultats
Vous n’avez pas pris ce quiz